000 00838nam a2200229Ia 4500
001 8795
003 GE_BSU
008 181216s||||||||xx |||||||||||||| ||und||
040 _cGE_BSU
080 _a821.353.1–32
100 _aკაკუშაძე,ნოე
245 _aწიგნის სასახლე
245 _bმოთხრობები,მეომრის დღიურიდან
245 _cრედ:ირაკლი არაბული;მხატვ:.ირაკლი არაბული
260 _aთბილისი
260 _bნაკადული
260 _c1955
300 _a382გვ.17სმ.
653 _aმოთხრობები,მეომრის დღიურიდან
653 _aწიგნის სასახლე
942 _cBK
999 _c42104
_d42104